000 00787nam a22002530a 4500
001 PT10134
003 AR-LpoUNG
005 20210516202600.0
008 191001s1995||||ag |||||||||||||||||spa d
040 _aAR-LpoUNG
_bspa
_cAR-LpoUNG
_eaacr
041 _aspa
044 _aag
082 0 _a982.03 429gen
111 2 _aCongreso Nacional Belgraniano, 2, Buenos Aires, 22 junio 1994
245 1 0 _aGeneral Belgrano :
_bapuntes biográficos
250 _a2° edición
260 _aBuenos Aires :
_bInstituto Nacional Belgraniano,
_c1995.
300 _aii, 104 p. :
_bgráfs.
651 4 _aDOCUMENTOS TEORICOS O METODOLOGICOS
710 2 _aInstituto Nacional Belgraniano (Argentina)
710 2 _aInstituto Nacional Belgraniano (Buenos Aires)
905 _a10134
942 _cLIB
999 _c57130
_d57130